00748nam a2200169 i 4500001000700000003000900007005001700016007000300033008004100036110006000077245021900137260003100356300002100387500007500408710006900483852002600552114539ES-MaACL20250811071125.0t|070308s1912 sp ||||1| spa d1 aEspaña. bDirección General de Primera Enseñanza.10aMemoria de los trabajos realizados por la Dirección General de Primera Enseñanza en el año de 1911, servicios que tiene encomendados y medios que necesita para cumplir todas las funciones que le corresponden. aMadrid : b[s.n.], c1912. a97 p. ; c26 cm. aPrecede al tit.: Ministerio de Instrucción Pública y Bellas Artes.1 aEspaña. bMinisterio de Instrucción Pública y Bellas Artes aES-MaACLjT-1218-F-11